000 00614nam a2200229Ia 4500
999 _c41088
_d41088
001 7738
003 GE_BSU
005 20220923115613.0
008 181216s2012en xx |||||||||||||| ||eng||
020 _a9781439877999
040 _cGE_BSU
041 _aeng
080 _a621.3 T-79
100 _aTuran,Gonen
_914721
245 _aElectrical machines with matlab /
_cGonen Turan,
260 _bCRC Press
264 _aLondon :
_bCRC Press,
_c2012.
300 _a629 p. :
_c24 cm.
653 _aElectrical machines with matlab
653 _aელექტრო მანქანები
942 _cBK
_2udc